[Event "Manizales op 27th"]
[Site "Manizales"]
[Date "2022.01.09"]
[Round "6"]
[White "Getiva, Henry"]
[Black "Ramirez Morales, William Fernando"]
[Result "1-0"]
[WhiteElo "1553"]
[BlackElo "1600"]
[PlyCount "27"]
[EventDate "2022.01.06"]
[EventType "swiss"]
[EventRounds "8"]
[EventCountry "COL"]
[SourceTitle "CBM 206 Extra"]
[Source "ChessBase"]
[SourceDate "2022.03.31"]
[SourceVersion "1"]
[SourceVersionDate "2022.03.31"]
[SourceQuality "1"]

1. e4 e5 2. Nf3 d6 3. d4 exd4 4. Nxd4 Be7 5. Nc3 Nf6 6. f3 Bd7 7. Be3 0-0 8. Qd2 Nc6 9. 0-0-0 Nxd4 10. Bxd4 c5 11. Bxf6 Bxf6 12. Qxd6 Bxc3 13. bxc3 Qg5+ 14. f4 1-0